<?xml version="1.0" encoding="UTF-8"?>
<collection xmlns:xsi="http://www.w3.org/2001/XMLSchema-instance" xsi:schemaLocation="http://www.loc.gov/MARC21/slim http://www.loc.gov/standards/marcxml/schema/MARC21slim.xsd" xmlns="http://www.loc.gov/MARC21/slim">
 <record>
  <leader>00000dgc a22000003a 4500</leader>
  <controlfield tag="001">UP-1685594773861710104</controlfield>
  <controlfield tag="003">Buklod</controlfield>
  <controlfield tag="005">20090619094354.0</controlfield>
  <controlfield tag="006">j|||||||||||||| | </controlfield>
  <controlfield tag="007">ta</controlfield>
  <controlfield tag="008">151003s1998    cau||| e     ||   v|eng d</controlfield>
  <datafield tag="035" ind1=" " ind2=" ">
   <subfield code="a">(iLib)UPBAG-00005842789</subfield>
  </datafield>
  <datafield tag="037" ind1=" " ind2=" ">
   <subfield code="a">VDR-663</subfield>
  </datafield>
  <datafield tag="040" ind1=" " ind2=" ">
   <subfield code="a">BAG</subfield>
   <subfield code="e">rda</subfield>
  </datafield>
  <datafield tag="041" ind1="0" ind2=" ">
   <subfield code="a">eng</subfield>
  </datafield>
  <datafield tag="090" ind1=" " ind2=" ">
   <subfield code="a">VDR-663</subfield>
  </datafield>
  <datafield tag="245" ind1="0" ind2="4">
   <subfield code="a">The X-files</subfield>
   <subfield code="h">[videorecording]</subfield>
   <subfield code="c">Twentieth Century Fox presents a Ten Thirteen production ; directed by Rob Bowman.</subfield>
  </datafield>
  <datafield tag="264" ind1=" " ind2="1">
   <subfield code="a">Beverly Hills, California</subfield>
   <subfield code="b">20th Century Fox Home Entertainment</subfield>
   <subfield code="c">©1998.</subfield>
  </datafield>
  <datafield tag="300" ind1=" " ind2=" ">
   <subfield code="a">1 videocassette (122 min.)</subfield>
   <subfield code="b">sound, color</subfield>
   <subfield code="c">1/2 in.</subfield>
  </datafield>
  <datafield tag="508" ind1=" " ind2=" ">
   <subfield code="a">Executive producer, Lata Ryan ; Film editor, Stephen Mark ; Director of photography, Ward Russell ; Co-producers Frank Spotnitz.</subfield>
  </datafield>
  <datafield tag="511" ind1="0" ind2=" ">
   <subfield code="a">David Duchovny, Gillian Anderson, Martin Landau, Blythe Danner, Armin Mueller-Stahl.</subfield>
  </datafield>
  <datafield tag="520" ind1=" " ind2=" ">
   <subfield code="a">When a terrorist bomb destroys a building in Dallas, Texas, FBI Agents Dox Mulfer and Dana Sculy are drawn into a dangerous conspiracy surpassing anything they've ever encountered. With the dubious assistance of a paranoid doctor, Mulder and Scully risk their careers and their lives to hunt down a deadly virus which  may be extraterrestrial in origin - and could destroy all life on earth. Their pursuit of truth pits them against the mysterious Syndicate, powerful men who will stop at nothing to keep their secrets safe, leading the agents from a cave in Texas, to the halls of the FBI, and finally to a secret installation in Antartica which holds the greatest secret of all.</subfield>
  </datafield>
  <datafield tag="538" ind1=" " ind2=" ">
   <subfield code="a">VHS format.</subfield>
  </datafield>
  <datafield tag="546" ind1=" " ind2=" ">
   <subfield code="a">In English.</subfield>
  </datafield>
  <datafield tag="650" ind1=" " ind2="0">
   <subfield code="a">Conspiracy in motion pictures.</subfield>
  </datafield>
  <datafield tag="650" ind1=" " ind2="0">
   <subfield code="a">Aliens in motion pictures.</subfield>
  </datafield>
  <datafield tag="651" ind1=" " ind2="0">
   <subfield code="a">United States. Federal Bureau of Investigation</subfield>
   <subfield code="x">Drama.</subfield>
  </datafield>
  <datafield tag="700" ind1="1" ind2=" ">
   <subfield code="a">Bowman, Rob</subfield>
   <subfield code="d">19620-</subfield>
   <subfield code="e">director.</subfield>
  </datafield>
  <datafield tag="700" ind1="1" ind2=" ">
   <subfield code="a">Duchovny, David</subfield>
   <subfield code="d">1960-</subfield>
   <subfield code="e">cast.</subfield>
  </datafield>
  <datafield tag="700" ind1="1" ind2=" ">
   <subfield code="a">Anderson, Gillian</subfield>
   <subfield code="d">1968-</subfield>
   <subfield code="e">cast.</subfield>
  </datafield>
  <datafield tag="700" ind1="1" ind2=" ">
   <subfield code="a">Landau, Martin</subfield>
   <subfield code="d">1928-</subfield>
   <subfield code="e">cast.</subfield>
  </datafield>
  <datafield tag="905" ind1=" " ind2=" ">
   <subfield code="a">FO</subfield>
  </datafield>
  <datafield tag="852" ind1="0" ind2=" ">
   <subfield code="a">UPBAG</subfield>
   <subfield code="b">UPBAG-MAIN</subfield>
   <subfield code="h">BC-VDR-663</subfield>
  </datafield>
  <datafield tag="942" ind1=" " ind2=" ">
   <subfield code="a">Visual Material</subfield>
  </datafield>
 </record>
</collection>
